000 00472nam a2200157 i 4500
001 84236
003 ES-MaACL
007 t|
008 041122s1965 sp ||||1| spa d
100 1 _aJean-Nesmy, Claude.
_966237
245 1 0 _aEspiritualidad del año litúrgico /
_cClaude Jean-Nesmy ; [versión de Alejandro Ros].
260 _aBarcelona :
_bHerder,
_c1965.
300 _a804 p. ;
_c22 cm.
700 1 _aRos, Alejandro.
_999564
852 _aES-MaACL
_jG-5052
_bR.702510
999 _c84236
_d84236